The measure of madness : (Record no. 2169)

000 -LEADER
fixed length control field nam a22 a 4500
003 - CONTROL NUMBER IDENTIFIER
control field AKMAL
005 - DATE AND TIME OF LATEST TRANSACTION
control field 20170515145031.0
008 - FIXED-LENGTH DATA ELEMENTS--GENERAL INFORMATION
fixed length control field 170515t2010 nyu e 001 0 eng d
020 ## - INTERNATIONAL STANDARD BOOK NUMBER
International Standard Book Number 9780806531052 (pbk.) :
Terms of availability RM52.04
040 ## - CATALOGING SOURCE
Original cataloging agency AKMAL
Transcribing agency AKMAL
082 04 - DEWEY DECIMAL CLASSIFICATION NUMBER
Classification number 364.3 PAR
Edition number 22
090 20 - LOCALLY ASSIGNED LC-TYPE CALL NUMBER (OCLC); LOCAL CALL NUMBER (RLIN)
Classification number (OCLC) (R) ; Classification number, CALL (RLIN) (NR) 364.3
Local cutter number (OCLC) ; Book number/undivided call number, CALL (RLIN) PAR
100 1# - MAIN ENTRY--PERSONAL NAME
Personal name Paradis, Cheryl
9 (RLIN) 4551
245 14 - TITLE STATEMENT
Title The measure of madness :
Remainder of title inside the disturbed and disturbing criminal mind /​
Statement of responsibility, etc. Cheryl Paradis ; [foreword by Katherine Ramsland]
260 ## - PUBLICATION, DISTRIBUTION, ETC.
Place of publication, distribution, etc. New York :
Name of publisher, distributor, etc. Citadel Press,
Date of publication, distribution, etc. 2010
300 ## - PHYSICAL DESCRIPTION
Extent xiii, 272p. ;
Dimensions 23cm.
504 ## - BIBLIOGRAPHY, ETC. NOTE
Bibliography, etc. note Includes bibliographical references (p. 259-264) and index
520 ## - SUMMARY, ETC.
Summary, etc. Paradis draws back the curtain on the fascinating world of forensic psychology and revisits the most notorious and puzzling cases she has handled in her multifaceted career.
650 10 - SUBJECT ADDED ENTRY--TOPICAL TERM
Topical term or geographic name entry element Criminal psychology
9 (RLIN) 4552
650 20 - SUBJECT ADDED ENTRY--TOPICAL TERM
Topical term or geographic name entry element Violent crimes
General subdivision Psychological aspects
9 (RLIN) 4553
650 20 - SUBJECT ADDED ENTRY--TOPICAL TERM
Topical term or geographic name entry element Forensic psychology
9 (RLIN) 4554
650 20 - SUBJECT ADDED ENTRY--TOPICAL TERM
Topical term or geographic name entry element Forensic psychology
Form subdivision Case studies
9 (RLIN) 4555
700 1# - ADDED ENTRY--PERSONAL NAME
Personal name Ramsland, Katherine M.,
Dates associated with a name 1953-
9 (RLIN) 4556
942 ## - ADDED ENTRY ELEMENTS (KOHA)
Source of classification or shelving scheme
Koha item type Book
Holdings
Withdrawn status Lost status Source of classification or shelving scheme Damaged status Not for loan Collection code Home library Current library Shelving location Date acquired Inventory number Total Checkouts Full call number Barcode Date last seen Price effective from Koha item type
          NON-FICTION AKMAL Melaka AKMAL Melaka PINJAMAN 15.05.2017 306863   364.3 PAR 201706370 15.05.2017 15.05.2017 Book
          NON-FICTION AKMAL Melaka AKMAL Melaka PINJAMAN 15.05.2017 305889   364.3 PAR 201706371 15.05.2017 15.05.2017 Book
Pusat Sumber Maklumat Dato' Haji Sarmin Md Hussin, Akademi Kastam Diraja Malaysia, Melaka
Tel: 06-2331106 | Faks: 06-2313787